| 000 | 01131nam a22002897a 4500 | ||
|---|---|---|---|
| 999 |
_c27984 _d27955 |
||
| 003 | EG-ScBUE | ||
| 005 | 20200130133111.0 | ||
| 008 | 200130s1997 ua f l 000 0 ara d | ||
| 020 | _a9772703289 | ||
| 040 |
_aEG-ScBUE _bara _erda _cEG-ScBUE _dEG-ScBUE |
||
| 043 | _af-ua--- | ||
| 082 | 0 | 4 |
_a344.092 _bخ ل ي _222 |
| 100 | 1 |
_aخليفة، شعبان عبد العزيز، _eمؤلف. |
|
| 245 | 1 | 0 |
_aتشريعات الكتب والمكتبات والمعلومات في مصر / _cجمعها وبوبها وحللها ودرسها أ. د. شعبان عبد العزيز خليفة. |
| 250 | _aالطبعة الأولى. | ||
| 264 | 1 |
_aالقاهرة : _bالدار المصرية اللبنانية، _c1997. |
|
| 300 |
_a2 مجلد ؛ _c24 سم |
||
| 336 |
_2rdacontent _aنص _btxt |
||
| 337 |
_2rdamedia _aبدون وسيط _bn |
||
| 338 |
_2rdacarrier _aمجلد _bnc |
||
| 505 | 0 | _aالمجلد الأول -- المجلد الثاني. | |
| 650 | 7 |
_aالمكتبات _xقوانين وتشريعات _zمصر. _2BUEsh _941055 |
|
| 651 | _2BUEsh | ||
| 653 |
_bGGEN _cJanuary2020 |
||
| 655 | _vReading book | ||
| 942 | _2ddc | ||